00724nam a2200193 a 450000100100000000500170001000800410002704000250006804100130009310000270010624501180013326000320025130000210028350000650030470000290036904900090039895201060040799900170051300003357820200930070348.0110831s1949 xxu 000 0 spa d aDO-SdBNPbspacBNPHU17aenghfre1 aAlexis, Stephen95907310aBlack liberator :bthe life of Toousaaint Louverture /cStephen Alexis ; Tr. from the French by William Stirling. aNew York :bE. Benn,c1949. a227 p. ;c22 cm. aAn abridgment of Toussaint Louverture, libérateur d'Haiti.1 aStirling, William959074 aBNPD 0010507-18MOaPDbPDcOId2011-08-31iLF1l0o p33578-10r2020-06-25w2020-06-25y1ZNo se presta c33069d33069